LEADER 01635nam0 22003731i 450 001 UON00496314 005 20231205105354.618 010 $a978-25-03-99108-5 100 $a20190704d2017 |0itac50 ba 101 $afre 102 $aBE 105 $a|||| ||||| 200 1 $aMahasthan$e1. : Pundranagara, cité antique du Bengale$erapport préliminaire 1993-1999$fsous la direction de Jean-Francois Salles 210 $aTurnhout$cBrepols$d2017 215 $a 436 p.$cill.$d30 cm 410 1$1001UON00033257$12001 $aIndicopleustoi$eArchaeologies of the Indian Ocean$1210 $aTurnhout$cBrepols. - v. ; 27 cm$v5 517 1$3UON00497293$aPundranagara, cité antique du Bengale 517 1$3UON00497294$aPundranagar 517 1$3UON00497295$aFrance-Bangladesh Joint Venture Excavations at Mahasthangarh 606 $aBANGLADESH$xAntichità$3UONC095490$2FI 606 $aSCAVI ARCHEOLOGICI$xBangladesh$3UONC095491$2FI 606 $aSITI ARCHEOLOGICI$xMahasthan (Bangladesh)$3UONC095492$2FI 620 $aBE$dTurnhout$3UONL001236 676 $a954.92$cBANGLADESH - Storia$v22 702 1$aSALLES$bJean Francois$3UONV004690 712 02$aMission française de coopération archéologique au Bangladesh$3UONV242543 712 $aBrepols$3UONV247627$4650 801 $aIT$bSOL$c20250207$gRICA 899 $aSIBA - SISTEMA BIBLIOTECARIO DI ATENEO$2UONSI 912 $aUON00496314 950 $aSIBA - SISTEMA BIBLIOTECARIO DI ATENEO$dSI SI SHIVA 004/1 $eSI 30719 7 004/1 996 $aMahasthan$91755564 997 $aUNIOR 998 $a1 LEADER 01866nam 2200517zu 450 001 9910157835403321 005 20230120075407.0 010 $a0-19-180237-9 035 $a(CKB)3710000000586265 035 $a(SSID)ssj0001681630 035 $a(PQKBManifestationID)16506065 035 $a(PQKBTitleCode)TC0001681630 035 $a(PQKBWorkID)15026631 035 $a(PQKB)10739045 035 $a(StDuBDS)EDZ0001296776 035 $a(MiAaPQ)EBC4842299 035 $a(MiAaPQ)EBC7037049 035 $a(Au-PeEL)EBL7037049 035 $a(OCoLC)936088054 035 $a(EXLCZ)993710000000586265 100 $a20160829d2015 uy 101 0 $aeng 135 $aur||||||||||| 181 $ctxt 182 $cc 183 $acr 200 10$aOrigins of Yiddish dialects 210 1$aOxford :$cOxford University Press,$d2016. 215 $a1 online resource $cillustrations (black and white) 300 $aBibliographic Level Mode of Issuance: Monograph 311 08$a0-19-873931-1 320 $aIncludes bibliographical references and index. 330 8 $aThis title presents evidence for the claim that, contrary to most accounts, Yiddish only developed into a separate language in the 15th century. It offers a detailed analysis of Yiddish phonology, morphology, orthography, and lexis, and of the different linguistic influences on modern Yiddish dialects. 606 $aYiddish language$xHistory 606 $aMiddle Eastern Languages & Literatures$2HILCC 606 $aLanguages & Literatures$2HILCC 615 0$aYiddish language$xHistory. 615 7$aMiddle Eastern Languages & Literatures 615 7$aLanguages & Literatures 676 $a439/.1 700 $aBeider$b Alexander$01248971 801 0$bPQKB 906 $aBOOK 912 $a9910157835403321 996 $aOrigins of Yiddish dialects$92894542 997 $aUNINA